من مؤلفات ابن سينا الطيبة / (Record no. 43597)
[ view plain ]
| 000 -الفاتح | |
|---|---|
| حقل البيانات ثابتة الطول | 01021nam a2200229Ia 4500 |
| 005 - وقت وتاريخ اخر تعامل مع التسجيلة | |
| رقم الضبط | 20240530103935.0 |
| 008 - عناصر البيانات ثابتة الطول - معلومات عامة | |
| حقل البيانات ثابتة الطول | 140319s9999 xx 000 0 ara d |
| 040 ## - مصدر الفهرسة | |
| وكالة الفهرسة الأصلية | GCL / |
| وكالة النسخ | GCL |
| 082 04 - رقم تصنيف ديوى العشرى | |
| رقم التصنيف | 610.9 |
| رقم المادة | س م |
| 100 1# - المدخل الرئيسى - إسم شخصى | |
| الإسم الشخصى | ابن سينا: شرف الملك ابوعلى الحسين بن عبدالله الحسين على البخارى |
| 245 10 - بيان العنوان | |
| العنوان | من مؤلفات ابن سينا الطيبة / |
| بيان المسئوليه,etc | ابن سينا: شرف الملك ابوعلى الحسين بن عبدالله الحسين على البخارى ، تحقيق محمد زهير البابا |
| 260 ## - PUBLICATION, DISTRIBUTION, ETC. (IMPRINT) | |
| تاريخ النشر أو التوزيع | 1984 |
| 300 ## - الوصف المادى | |
| التعداد | 355 ص ؛ |
| أبعاد الوعاء | 32 سم |
| 490 ## - بيان السلسلة | |
| عنوان السلسلة | مصادر ودراسات فى تاريخ الطب العربى |
| رقم المجلد/ التعيين التسلسلي | 5 |
| 650 04 - المدخل الاضافى بالموضوع-مصطلح موضوعى | |
| مصطلح موضوعي | الحضارة |
| 650 04 - المدخل الاضافى بالموضوع-مصطلح موضوعى | |
| مصطلح موضوعي | العلوم عند العرب |
| 650 04 - المدخل الاضافى بالموضوع-مصطلح موضوعى | |
| مصطلح موضوعي | الحضارة الاسلامية |
| 650 04 - المدخل الاضافى بالموضوع-مصطلح موضوعى | |
| مصطلح موضوعي | الطب - تاريخ |
| 700 1# - المدخل الاضافى - اسم شخصى | |
| الإسم الشخصى | محمد زهير البابا |
| الدور | محقق |
| 942 ## - عناصر المدخل الإضافي( كوها) | |
| مصدر التصنيف او مخطط الترفيف | Dewey Decimal Classification |
| Koha [default] item type | كتاب |
| 260 ## - PUBLICATION, DISTRIBUTION, ETC. (IMPRINT) | |
| -- | حلب : |
| -- | معهد التراث العلمى العربى ، |
| حالة التراجع | حالة الفقد | حالة تلف | ليس للاعارة | المكان المؤقت | الموقع الحالى | تاريخ الاكتساب | اجمالي اﻻعارات | رقم الطلب | الباركود | تاريخ اخر مشاهدة | تاريخ تفعيل السعر | نوع وعاء كوها |
|---|---|---|---|---|---|---|---|---|---|---|---|---|
| مكتبة القاهرة الكبرى | مكتبة القاهرة الكبرى | 03/26/2014 | 610.9\س م | 105602 | 03/26/2014 | 03/26/2014 | كتاب | |||||
| مكتبة القاهرة الكبرى | مكتبة القاهرة الكبرى | 03/26/2014 | 610.9\س م | 105603 | 03/26/2014 | 03/26/2014 | كتاب | |||||
| مكتبة القاهرة الكبرى | مكتبة القاهرة الكبرى | 03/26/2014 | 610.9\س م | 105604 | 03/26/2014 | 03/26/2014 | كتاب |

